| 000 | 00498nam a2200157Ia 4500 | ||
|---|---|---|---|
| 008 | 230718s9999 xx 000 0 und d | ||
| 041 | _aeng | ||
| 082 |
_a362.196'748 _bANA |
||
| 100 |
_aAnand G. _9174556 |
||
| 245 |
_aCure: _bHow A Father Raised _ 100 Million And Bucked The Medical Establishment In A Quest To Save His Children |
||
| 260 |
_c2010 _bHarper |
||
| 300 | _a341 | ||
| 365 |
_cRs. _b491.00 |
||
| 700 |
_aAnand G. _9174556 |
||
| 906 |
_dO:0118619-Oct-2010B:559629-Oct-2010 _cCOMP _b122.75 |
||
| 999 |
_c326061 _d326061 |
||